00423nam a2200169Ia 4500003000400000005001700004008004100021020001500062050002300077100001800100245004900118260003200167300003300199440000600232521000700238526000800245OSt20140405091217.0140130s9999 xx 000 0 und d a0439632404 aPZ 7b.W846Ki 2004 aWood, Audrey  cAudrey WoodaKing Bidgood's in the Bathtub / bScholastic,c2004.aU.S.A : a30 p. :bcol. ill. ;c28 cm. v1 aG2 c310